Normal view
MARC view
Entry Personal Name
001 - CONTROL NUMBER
- control field: 82385
003 - CONTROL NUMBER IDENTIFIER
- control field: OSt
005 - DATE AND TIME OF LATEST TRANSACTION
- control field: 20240521124219.0
008 - FIXED-LENGTH DATA ELEMENTS
- fixed length control field: 240521|| aca||aabn | a|a d
040 ## - CATALOGING SOURCE
- Original cataloging agency: OSt
- Transcribing agency: OSt
100 ## - HEADING--PERSONAL NAME
- Personal name: Singh,Navin Kumar
670 ## - SOURCE DATA FOUND
- Source citation: Work cat.: (OSt)66877: Singh,Navin Kumar , रेलवे वस्तुनिष्ठ सामान्य अध्ययन Chapter Wise 9000 MCQS , 2024









